| 000 | 00635nam a22002057a 4500 | ||
|---|---|---|---|
| 999 |
_c20066 _d20066 |
||
| 003 | AR-CdUCM | ||
| 008 | 190525b ||||| |||| 00| 0 spa d | ||
| 040 |
_aMUNICIPALIDAD PROVINCIAL DEL CUSCO _cBIBLIOTECA MUNICIPAL DEL CUSCO |
||
| 082 |
_a869.56 _bV65 |
||
| 100 |
_aVilchez Murga, Salomón _941984 |
||
| 245 | _aFusiles y machetes / | ||
| 260 |
_aLima : _bAmauta, _c1960. |
||
| 300 |
_a184 páginas _c22 cm. |
||
| 505 | _aContenido: La Sucha -- Pablo y Flora -- Contingente de sangre... | ||
| 650 |
_aNovelas de costumbres _9168 |
||
| 650 |
_aPerú _935 |
||
| 650 |
_aCajamarca _97054 |
||
| 942 |
_2ddc _cLIBROS |
||
| 945 | _aJavier | ||